Winners एडवांस मैथ्स हिन्दी माध्यम (Record no. 66118)
[ view plain ]
| 000 -LEADER | |
|---|---|
| fixed length control field | 00363nam a22001097a 4500 |
| 082 ## - DEWEY DECIMAL CLASSIFICATION NUMBER | |
| Classification number | 510 |
| 100 ## - MAIN ENTRY--AUTHOR NAME | |
| Personal name | Patel,Aditya |
| 245 ## - TITLE STATEMENT | |
| Title | Winners एडवांस मैथ्स हिन्दी माध्यम |
| 260 ## - PUBLICATION, DISTRIBUTION, ETC. (IMPRINT) | |
| Place of publication | इन्दोर |
| Name of publisher | विनर्स पब्लिकेशन |
| Year of publication | 2023 |
| 650 ## - SUBJECT ADDED ENTRY--TOPICAL TERM | |
| Topical Term | Mathes |
| 942 ## - ADDED ENTRY ELEMENTS (KOHA) | |
| Koha item type | Hindi Books |
| Withdrawn status | Lost status | Damaged status | Not for loan | Home library | Current library | Date acquired | Cost, normal purchase price | Full call number | Accession Number | Price effective from | Koha item type |
|---|---|---|---|---|---|---|---|---|---|---|---|
| MACL | MACL | 20/10/2023 | 800.00 | 510 | DPI001347 | 20/10/2023 | Hindi Books | ||||
| MACL | MACL | 20/10/2023 | 800.00 | 510 | DPI001348 | 20/10/2023 | Hindi Books | ||||
| MACL | MACL | 20/10/2023 | 800.00 | 510 | DPI001346 | 20/10/2023 | Hindi Books | ||||
| MACL | MACL | 20/10/2023 | 800.00 | 510 | DPI001349 | 20/10/2023 | Hindi Books |









